| 000 | 00744nas a2200265 4500 | ||
|---|---|---|---|
| 001 | BR2011007393 | ||
| 003 | BR-BrBNA | ||
| 005 | 20231205115215.0 | ||
| 007 | ta | ||
| 008 | 230509b bl.|||p| |||| 00| 00por d | ||
| 040 |
_aBR-BrBNA _bpor _cBiblioteca Nacional de Agricultura |
||
| 041 | _a(Pt) | ||
| 072 | _aF06 | ||
| 100 | 1 | _aFreitas, C.A. | |
| 245 | 1 | _aMãos dadas pela produtividade da lavoura | |
| 650 | _aARROZ IRRIGADO | ||
| 650 | _aLAVOURA | ||
| 650 | _aCANAL | ||
| 650 | _aIRRIGAÇÃO | ||
| 650 | _aORIZICULTURA | ||
| 650 | _aPRODUTIVIDADE | ||
| 773 | 0 |
_tAgropecuária Catarinense (Brazil) _xISSN 0103-0779 _g(Jul 2009), v. 22(2) p. 31-33 _wBR2011007393 |
|
| 909 |
_a202311 _bLúcia _c55 _dLúcia Elande |
||
| 942 |
_2AGRIS _n0 _cANA |
||
| 999 |
_c212613 _d212613 |
||